[Event "Mermaid Beach Club"]
[Site "Bermuda"]
[Date "1999.01.21"]
[Round "1"]
[White "Chandler, Murray G"]
[Black "Teplitsky, Yan"]
[Result "1-0"]
[WhiteElo "2520"]
[BlackElo "2453"]
[Annotator "Ftacnik,L"]
[PlyCount "79"]
[EventDate "1999.01.21"]
[EventType "tourn"]
[EventRounds "13"]
[EventCountry "BER"]
[EventCategory "9"]
[SourceTitle "CBM 069"]
[Source "ChessBase"]
[SourceDate "1999.04.01"]
[SourceVersion "1"]
[SourceVersionDate "1999.04.01"]
[SourceQuality "1"]

1. e4 c5 2. Nf3 d6 3. d4 Nf6 4. Nc3 cxd4 5. Nxd4 Nc6 6. Be2 e6 7. O-O Be7 8.
Kh1 O-O 9. f4 Qc7 10. Be3 Re8 11. Qe1 Nxd4 12. Bxd4 e5 13. fxe5 dxe5 14. Qg3
Bd8 15. Be3 Kh8 16. Rad1 Be6 17. Bg5 Ng8 18. Bc1 Nf6 19. Bg5 Ng8 20. Be3 Nf6
21. Bb5 Rf8 22. Bd3 a6 23. Nd5 $1 {[%mdl 4] Nice tactical shot, black is
unable to eliminate all dangers conncted with a strong white d5 pawn.} Bxd5 (
23... Nxd5 24. exd5 Bxd5 25. Bf5 (25. Bxh7 $2 Bxg2+ 26. Qxg2 Kxh7 27. Rd5 Re8
28. Qe4+ Kg8 29. Rfd1 Bf6 $15) 25... Bc6 (25... Qc6 26. Qh3 h6 27. Bd7 $16) 26.
Qh3 h6 27. Rf2 Qe7 28. Bxh6 Qh4 29. Be3 $14) 24. exd5 e4 (24... Nxd5 25. Qh3 g6
26. Bxg6) 25. Qxc7 Bxc7 26. Be2 Be5 (26... b5 27. d6 $1 Bd8 28. d7 $16) 27. c4
$1 Rfd8 (27... Bxb2 28. Rb1 Be5 29. Rxb7 Rab8 30. Rfb1 $16) 28. b3 Rd7 (28...
Kg8 29. g4 $16) (28... h5 $1 29. Bxh5 Nxh5 30. Rf5 $18) 29. g4 h6 (29... Kg8
30. g5 Ne8 31. Bg4 $16) 30. Kg2 Rad8 31. h4 Ne8 32. Bb6 $1 Bc7 (32... Rc8 33.
g5 $1 Rb8 (33... hxg5 34. Bg4 $18) 34. Bg4 Re7 35. c5 $18) (32... Nc7 $5 $16)
33. Bd4 {White gradually improves the position of his pieces.} Kg8 (33... b6
34. g5 $16) 34. g5 hxg5 35. hxg5 Re7 36. Bg4 (36. g6 $5 fxg6 37. Bg4 Nf6 38.
Be6+ Kf8 39. c5 $16) 36... g6 (36... b6 37. g6 $1 Nd6 38. gxf7+ Nxf7 39. Be6
$18) (36... Be5 37. Be3 Bc7 38. c5 $16) 37. Rde1 Ba5 38. Re3 Bd2 (38... Ng7 39.
Rh1 Ree8 40. Bf6 Rd6 41. Reh3 Nh5 42. Bxh5 Rxf6 43. Bg4 $18 (43. gxf6 gxh5 44.
Rxh5 $18)) 39. Rh3 {The decision will fall in a good old kingside attack.} Ng7
(39... f6 40. gxf6 Rf7 41. Rfh1 $18) 40. Rfh1 (40. Rfh1 Nh5 41. Bxh5 gxh5 42.
Rxh5 $18) 1-0

[Event "New York Hudson"]
[Site "New York"]
[Date "1993.??.??"]
[Round "2"]
[White "Benjamin, Joel"]
[Black "Yermolinsky, Alex"]
[Result "0-1"]
[WhiteElo "2585"]
[BlackElo "2615"]
[Annotator "Ftacnik,L"]
[PlyCount "82"]
[EventDate "1993.??.??"]
[EventType "tourn"]
[EventRounds "9"]
[EventCountry "USA"]
[EventCategory "13"]
[SourceTitle "CBM 035"]
[Source "ChessBase"]
[SourceDate "1993.08.01"]
[SourceVersion "1"]
[SourceVersionDate "1993.08.01"]
[SourceQuality "1"]

1. e4 c5 2. Nf3 d6 3. d4 cxd4 4. Nxd4 Nf6 5. Nc3 e6 6. Be2 Be7 7. O-O O-O 8. f4
Nc6 9. Kh1 Qc7 $5 (9... Bd7 10. Nb3 $1 (10. Be3 Nxd4 11. Bxd4 Bc6)) 10. Be3
Nxd4 11. Qxd4 (11. Bxd4 e5 12. Be3 exf4 13. Bxf4 Be6 $10) 11... Bd7 (11... e5
12. Qd2 exf4 13. Bxf4) 12. e5 Ne8 13. Bd3 $2 (13. Bf3 Bc6 14. Rad1) (13. a4 $5
Bc6 14. Nb5 $13) 13... Bc6 14. Ne4 dxe5 (14... Bxe4 15. Qxe4 g6 16. c4 $14) 15.
fxe5 $6 (15. Qxe5 b6 $10) 15... Rd8 16. Qc3 Bxe4 17. Bxe4 (17. Qxc7 Bxg2+ 18.
Kxg2 Nxc7 19. Bxa7 Nd5 $13) 17... Qxc3 18. bxc3 b6 19. a4 f5 $1 20. Bc6 (20.
exf6 Bxf6 21. Rad1 Rxd1 22. Rxd1 Bxc3 23. Bf3 $1 Nf6 24. Rd6 $132) 20... Nc7
21. a5 Nd5 22. Bd4 (22. Bxd5 Rxd5 23. axb6 axb6 24. Bxb6 Rxe5 $17) 22... Bc5
23. axb6 Bxb6 24. Bxb6 $2 (24. Rfd1 $1 $13) 24... axb6 25. Rfb1 Rf7 $1 26. c4
$2 (26. Rb5 $17) 26... Ne3 27. Rxb6 Ra7 28. Re1 Nxc4 29. Rb5 Rc7 30. Bf3 Rd2
31. c3 Rc2 32. Bd1 Rxc3 33. Bb3 Kf7 34. h3 Nd2 35. Ba2 g5 36. Kg1 Rc2 37. Ra5
R7c6 38. Rd1 Kg6 39. Ra8 Kh5 40. Ra7 h6 41. Ra3 f4 0-1

[Event "Foros Aerosvit 3rd"]
[Site "Foros"]
[Date "2008.06.16"]
[Round "8"]
[White "Alekseev, Evgeny V"]
[Black "Nisipeanu, Liviu Dieter"]
[Result "1-0"]
[WhiteElo "2711"]
[BlackElo "2684"]
[Annotator "Ftacnik,L"]
[PlyCount "101"]
[EventDate "2008.06.08"]
[EventType "tourn"]
[EventRounds "11"]
[EventCountry "UKR"]
[EventCategory "19"]
[SourceTitle "CBM 125"]
[Source "ChessBase"]
[SourceDate "2008.07.30"]
[SourceVersion "1"]
[SourceVersionDate "2008.07.30"]
[SourceQuality "1"]

1. e4 c5 2. Nf3 e6 3. d4 cxd4 4. Nxd4 Nf6 5. Nc3 d6 6. f4 Be7 7. Be3 O-O 8. Be2
Nc6 9. Qd2 e5 10. Nb3 a5 11. a4 exf4 {The popularity of the systems with an
early f2-f4 is palpably on the rise. White players are trying to maximise the
pressure right after the opening moves.} (11... Ng4 12. Bxg4 exf4 13. Bxf4 Bxg4
14. O-O Be6 15. Kh1 Qd7 16. Rad1 Bg4 17. Rde1 Ne5 18. Qf2 Be6 19. Rd1 Ng6 20.
Bg3 Bg4 21. Rd5 {1-0 Movsesian,S (2670)-Khamrakulov,I (2604)/Pamplona 2007 (74)
}) (11... Nb4 12. O-O Be6 13. Kh1 exf4 14. Bxf4 d5 15. e5 Ne4 16. Nxe4 dxe4 17.
Nd4 Bc5 18. Nxe6 Qxd2 19. Bxd2 fxe6 20. Bxb4 {1/2 Spraggett,K (2540)
-Dzindzichashvili,R (2560)/Manila 1990}) 12. Bxf4 Be6 13. O-O-O (13. Nd4 Nxd4
14. Qxd4 d5 15. e5 Ne4 16. Nxe4 dxe4 17. Qxe4 Bd5 18. Qf5 Bxg2 19. Rg1 Bh4+ 20.
Bg3 Bxg3+ 21. hxg3 Bc6 22. Bd3 g6 $15 {1-0 Smirin,I (2500)-Vogt,L (2485)/
Stockholm 1988 (39)}) (13. Rd1 Qb6 14. Be3 Qb4 15. Nd4 Ne5 16. O-O Rac8 17. Kh1
Nc4 18. Bxc4 Rxc4 19. Qc1 Rcc8 20. Bg5 Qc5 21. Nf5 Bxf5 22. Rxf5 Qc4 23. Qe3
Rc5 24. Rxc5 dxc5 {1/2 Spasov,V (2535)-Vogt,L (2530)/Tilburg 1992 (37)}) 13...
Nb4 {The critical position of the 9.Qd2 e5 variation is leaving a bitter taste
in the mouth of the defenders. The results are convincing for White, but
nobody has been testing the older suggestion by Vogt connected with the Qb6
move.} (13... Rc8 14. Nd4 Nb4 15. Kb1 Rxc3 16. Qxc3 Nxe4 17. Qe3 Ba2+ 18. Ka1
Bf6 19. Qxe4 Re8 20. Qxe8+ Qxe8 21. Bb5 Qc8 22. c3 Bc4 23. cxb4 Bxb5 24. axb5
axb4 25. Bxd6 $18 {1-0 Chiburdanidze,M (2400)-Kupreichik,V (2470)/Frunze 1985 
(41)}) (13... Ne5 14. Nd4 Qb6 15. Ndb5 Rfd8 16. Qd4 Qxd4 17. Rxd4 Rd7 18. Rhd1
Rad8 19. Kb1 Ne8 20. R4d2 h6 21. Nd4 Nc6 22. Bb5 Rc7 23. Nf5 Bxf5 24. exf5 $16
{1-0 Mista,A (2493)-Movsesian,S (2637)/Czechia 2007 (51)}) (13... Bxb3 14. cxb3
Qb6 $13) 14. Bxd6 Rc8 15. Bf3 {Alekseev was right to be concerned about
unpleasant sacrifices of the knight on e4-square in the interest of the
counterattack against the c2-square.} (15. Kb1 Nxe4 $5 (15... Bxb3 16. cxb3
Nbd5 17. Nxd5 (17. Be5 Nxc3+ 18. Qxc3 Rxc3 19. Rxd8 Rxb3 20. Rd4 Ba3 $13) 17...
Qxd6 18. Qxa5 $16) 16. Nxe4 Rxc2 17. Bxb4 (17. Qe3 Bxd6 18. Rxd6 Qc7 19. Nbc5
Ba2+ 20. Ka1 f5 $17) 17... Rxd2 18. Rxd2 Qc7 $11) 15... Nd7 (15... Ng4 16. Kb1
Bxd6 17. Qxd6 Ne3 18. Qxd8 Rcxd8 19. Rxd8 Rxd8 20. Nd5 Nbxc2 21. Nxa5 $14) 16.
Kb1 (16. Nd4 Nb6 (16... Bxd6 17. Nxe6 fxe6 18. Qxd6 $16) 17. Nxe6 fxe6 18. Bxe7
Qxe7 $44) 16... Bxd6 17. Qxd6 Bxb3 18. cxb3 Nc5 19. Qxd8 (19. Bg4 Qxd6 20. Rxd6
Rc6 $11) 19... Rfxd8 {Nisipeanu has managed to solve the defensive problems
very well. Any potential advantage for White can be tied to the disparity
between the bishop and the knight.} 20. Nd5 (20. Rxd8+ Rxd8 21. Rd1 (21. Bd1 $6
Rd2 $15) 21... Re8 $11) 20... Nxd5 21. exd5 Nxb3 22. d6 Nc5 23. Rhe1 Kf8 24.
Be2 $6 {The transfer of the bishop comes at the wrong moment. The defender
will take his chance and nearly equalize the game.} (24. Rd4 b6 25. Ka2 $14)
24... Ne4 $1 25. d7 (25. Bg4 Rc4 $15) 25... Rc5 (25... Rc7 26. Bb5 Nf6 27. Re5
Nxd7 28. Red5 Ke7 $13) 26. Bb5 Re5 (26... Nf6 27. Rd6 h6 28. Ka2 (28. Rxf6 $5
Rxb5 $1) 28... Rf5 29. Ka3 $18) 27. g4 (27. Kc2 Re7 $13) 27... Re6 (27... Ke7
$1 28. Re2 f6 29. Rde1 Nd2+ 30. Ka2 Nf3 $11) 28. Kc2 Nf6 $6 {[%mdl 4096] There
is no doubt, that Black is the one having to prove equality, but after the
move of the knight to c5 his task would have been much easier.} (28... Nc5 $1
29. Rf1 Ke7 30. Rf5 Nxd7 31. Bxd7 Rxd7 32. Rxf7+ Kxf7 33. Rxd7+ Kf6 $11) 29.
Rxe6 fxe6 30. Rd6 (30. g5 Ne4 31. Re1 Nc5 32. Re5 b6 $11) 30... Ke7 31. Rb6 Rb8
$2 {After all the defender is admitting, that not everything went as nicely as
he wanted and Alekseev is still making his life unpleasant. It is a kind of
paradox, that the best solution was to send the knight to the kingside.
Despite the way things look, it would have managed to come back just in time.}
(31... Nxg4 $5 32. Rxb7 Nxh2 33. b4 axb4 34. Kb3 (34. a5 Nf3 35. Ba4 Nd4+ 36.
Kd3 e5 37. a6 Ne6 38. Kc4 Ra8 $13) 34... Nf3 35. Kxb4 Nd4 36. a5 e5 37. a6 e4
38. a7 e3 $13) (31... Nxd7 $2 32. Rxb7 h6 33. b4 axb4 34. Kb3 Kd6 35. Rxd7+
Rxd7 36. Bxd7 Kxd7 37. Kxb4 $18) 32. d8=Q+ $1 Kxd8 (32... Rxd8 33. Rxb7+ Kf8
34. h3 $14) 33. g5 $1 (33. Rxe6 Rc8+ 34. Kd3 Nxg4 35. Re8+ Kc7 36. Re7+ Kb6 37.
Rxg7 Nxh2 38. Rxh7 Ng4 $11) 33... Rc8+ $2 {The phase before time control has
seen the the slip of defensive standard. It was not too late to build a solid
defence along the d-file.} (33... Nd5 34. Rxe6 Kc7 35. Kb3 Rd8 $14) 34. Kd3 Kc7
(34... Nd7 35. Bxd7 Kxd7 36. Rxb7+ Rc7 37. Rxc7+ Kxc7 38. b4 axb4 39. Kc4 $18)
(34... Nd5 35. Rxb7 Rc7 36. Rb8+ Rc8 37. Rxc8+ Kxc8 38. Bc4 Kc7 39. Bxd5 $1
exd5 40. Kc3 Kb6 41. b4 d4+ 42. Kxd4 axb4 43. Kc4 Ka5 44. Kb3 h6 45. g6 h5 46.
h4 $18) 35. Rxe6 Nd5 (35... Rd8+ 36. Kc4 Nd5 37. Kc5 $16) 36. Ke4 Nb6 37. Re7+
Kd6 38. Rxg7 Rc2 39. Rxh7 {Alekseev has suceeded in eliminating all the
kingside pawns; his position is won.} (39. Rxb7 Nc8 40. Rxh7 Rxb2 41. Rh6+ $18)
39... Rxb2 40. Rh6+ Kc5 41. g6 Nc8 (41... Rg2 42. Kf3 Rg1 43. Kf2 Rg4 44. Be2
$18) 42. Ke5 Rg2 43. h4 Nd6 44. Kf6 Kd4 45. Rh5 Ne4+ 46. Kg7 Rc2 47. Kh6 Rh2 {
The defence and attack are performing a kind of interesting geometrical ballet,
but the white pawns are slowly advancing...} 48. g7 Nf6 49. Rf5 Ng8+ 50. Kh7
Ne7 51. Rh5 1-0

[Event "RUS-Cup03 Geller Memorial"]
[Site "Moscow"]
[Date "1999.02.07"]
[Round "6"]
[White "Hait, Alexander"]
[Black "Kharitonov, Andrei Y"]
[Result "0-1"]
[WhiteElo "2400"]
[BlackElo "2562"]
[Annotator "Ftacnik,L"]
[PlyCount "96"]
[EventDate "1999.02.10"]
[EventType "swiss"]
[EventRounds "9"]
[EventCountry "RUS"]
[SourceTitle "CBM 070"]
[Source "ChessBase"]
[SourceDate "1999.06.08"]
[SourceVersion "1"]
[SourceVersionDate "1999.06.08"]
[SourceQuality "1"]

1. e4 {Hecht} c5 2. Nf3 d6 3. d4 cxd4 4. Nxd4 Nf6 5. Nc3 e6 6. Be2 Be7 7. O-O
Nc6 8. Be3 Bd7 9. f4 Nxd4 10. Bxd4 Bc6 11. Qd3 O-O 12. Qg3 g6 13. Bf3 b5 14.
Rae1 {This position can claim lot of history, formerly the rook move to d1 was
clearly the main choice. Black seems to hold balance and the set up has fallen
out of favour with white players.} (14. Rad1 b4 15. e5 Bxf3 16. Qxf3 (16. exf6
Bxf6 17. Bxf6 Qxf6 18. Rxf3 bxc3 19. Rxc3 d5 20. Qe3 (20. Qf2 Rfb8 21. Rb3 Rxb3
22. cxb3 Rc8 23. Qxa7 Qxb2 {0-1 Perez Cascella,J-Panno,O/Villa Gesell 1970/ 
(34)}) 20... Rab8 21. b3 Rbc8 22. Rxc8 Rxc8 23. Qxa7 Rxc2 {1/2-1/2 Durao,
J-Fernandez,C/Cienfuegos/1975/ (52)}) (16. Rxf3 Nh5 17. Qe1 bxc3 18. g4 Ng7 19.
exd6 Bxd6 20. Rfd3 cxb2 21. Bxg7 b1=Q 22. Rxb1 Kxg7 23. Qc3+ Kg8 24. Qc6 Qh4
25. Qxd6 Rad8 {0-1 Kuprejanov,G-Spassky,B/Canada/1971/ (30)}) 16... bxc3 17.
exf6 Bxf6 18. Qxc3 Bxd4+ (18... Qb6 19. Bxb6 Bxc3 20. Bd4 Bxd4+ 21. Rxd4 d5 {
1/2-1/2 Lucaroni,M-Bozzo,R/ITA-chT/1994/ (37)}) 19. Qxd4 d5 (19... Rb8 20. b3
Rb6 21. c4 Qe7 22. Rde1 Qc7 23. Rf2 {1-0 Lehmann,H-Portisch,L/Beverwijk/1965/ 
(59)}) 20. Rd3 (20. Rf3 Rb8 (20... Rc8 21. c3 (21. Rd2 Qh4 22. g3 Qe7 23. Re2
Rc4 24. Qxd5 Rxc2 {0-1 Pietzsch,W-Panno,O/La Habana/1966/ (32)}) 21... Qa5 22.
a3 Rc4 23. Qf2 Qa4 24. Re1 Rfc8 25. Qh4 Re4 {0-1 Jukic,B-Boensch,U/GER-CupT/
1992/ (41)}) (20... Qb6 21. Rb3 Qxd4+ 22. Rxd4 Rfc8 23. c3 Rc7 {1/2-1/2
Quinones,O-Andersen,B/Tel Aviv/1964/ (52)}) 21. Ra3 a5 22. Rb3 Qc7 23. Rd2 Rxb3
24. axb3 Rb8 25. Rf2 Rb4 26. Qf6 (26. Qc3 Qxc3 27. bxc3 Re4 {0-1 Wang Zili-Sax,
G/Thessaloniki/1988/ (48)}) 26... Re4 27. g4 h6 28. h3 d4 29. h4 Re1+ 30. Kh2
Qc6 {0-1 Gazik,I-Cebalo,M/Zillertal/1993/ (57)}) (20. f5 exf5 21. Qxd5 Qb6+ 22.
Qd4 Rfc8 23. Qxb6 axb6 24. c3 Rxa2 25. Rf2 {1/2-1/2 Kuzmin,G-Petrushin,A/Baku
1977/ (64)}) 20... Qb6 21. Qxb6 axb6 22. a3 Rfc8 23. c3 Ra4 {1/2-1/2 Britton,
R-Pritchett,C/Brighton/1980/ (43)}) (14. a3 a5 15. Rad1 (15. b4 d5 16. exd5
Nxd5 17. Nxd5 Bxd5 18. c3 Qd7 19. f5 axb4 20. f6 Bd6 21. Qg5 Rfe8 22. Bxd5 exd5
23. axb4 h5 {0-1 Koster,L-Riemersma,L/NLD-chT9495/ 1994/ (36)}) (15. Qe1 Rc8
16. Rd1 Nd7 17. Kh1 Qc7 18. Nd5 Bxd5 19. exd5 e5 20. Bc3 f5 {1/2-1/2 Reyes,
J-Franco,Z/Sevilla 1990/ (37)}) 15... b4 16. e5 (16. axb4 axb4 17. e5 Bxf3 18.
Qxf3 bxc3 19. exf6 Bxf6 20. Qxc3 Bxd4+ 21. Qxd4 Ra6 22. Rf3 Qa8 {0-1 Milic,
B-Kortschnoj,V/Belgrade/1964/ (37)}) 16... Bxf3 (16... dxe5 17. fxe5 Bxf3 18.
exf6 Bxd1 19. Nb5 Bxc2 20. fxe7 Qxe7 21. Rc1 Rac8 22. Nd6 f6 23. Nxc8 Rxc8 24.
axb4 axb4 25. Qf2 e5 {0-1 Munoz Gonzalez,J-Calvo Minguez,R/Palma de Mallorca/
1991/ (36)}) 17. Qxf3 bxc3 18. exf6 Bxf6 19. Qxc3 Bxd4+ 20. Qxd4 Rb8 (20... d5
21. b3 Rc8 22. Rd2 Qe7 23. a4 Qc5 24. Rc1 Rc7 25. Qxc5 Rxc5 26. Kf2 Rfc8 {
0-1 Gazik,I-Mozny,M/Prague/1982/ (42)}) 21. c4 Qb6 22. Rf2 Rfc8 23. Qxd6 Rxc4
24. Qxb6 Rxb6 {1/2-1/2 Cicak,S-Doncevic,D/BL8889/1989/ (51)}) 14... b4 15. Nd1
d5 (15... Nd7 16. Nf2 e5 17. Be3 Bh4 18. Qh3 exf4 19. Bxf4 Ne5 20. Bxe5 dxe5
21. Rd1 Bxf2+ 22. Rxf2 Qb6 {0-1 Bredewout,H-Kramer,H/Wijk aan Zee 1969/ (40)})
(15... Bb5 16. Rf2 d5 17. e5 Ne4 18. Bxe4 dxe4 19. Qe3 Qd5 20. Qxe4 Qxe4 21.
Rxe4 Rfd8 {1/2-1/2 Zaitsev,A-Aarland,S/Moscow/1967/ (72)}) 16. e5 Ne4 17. Qh3 (
17. Bxe4 dxe4 18. Qe3 Qd5 19. c3 Qxa2 20. Nf2 Qxb2 21. Rb1 Qa2 22. cxb4 Rfd8
23. Ng4 Qc4 24. Bxa7 Rd3 25. Qb6 e3 $13 {1-0 Hamatgaleev,A-Iljushkin,E/Pskov/
1998/ (44)}) 17... Bb5 18. Be2 Bxe2 19. Rxe2 Qa5 20. Nf2 (20. Qb3 Bc5 $15)
20... Qxa2 (20... Nxf2 21. Rexf2 Qxa2 22. b3 Qa5 23. Qe3 Rfc8 24. f5 $1 gxf5
25. g4 $132) 21. Nxe4 dxe4 22. Qe3 {White will get his sacrificed pawn back,
but he can kiss goodbye any advantage. Black will be strong in the center, but
white should have enough counterplay on the kingside.} (22. Rxe4 Rac8 $15)
22... Rfd8 23. Qxe4 Rac8 24. c3 (24. g4 $4 Rxd4 25. Qxd4 Bc5 $19) 24... a5 25.
g4 $1 Bc5 26. Bxc5 (26. f5 Qc4 27. fxg6 fxg6 28. Bxc5 Qxc5+ $15) 26... Rxc5 27.
cxb4 Rc4 (27... axb4 28. Qxb4 Qa7 $13) 28. Qf3 Rxb4 29. f5 $1 Qd5 {The queen
jumps back to the center for a timely defence.} 30. fxg6 $6 (30. h3 $5 exf5 31.
gxf5 Rb3 32. Qxd5 Rxd5 33. e6 $1 $11) 30... Qxf3 31. gxh7+ Kxh7 32. Rxf3 Rxg4+
33. Kf2 (33. Rg2 $2 Rd1+ 34. Rf1 Rxg2+ 35. Kxg2 Rxf1 36. Kxf1 Kg6 $19) 33...
Kg6 34. Rf6+ Kg7 35. Kf3 Rg1 36. Ke4 (36. Rf2 Rd5 37. Kf4 Re1 $17) 36... Rd5 {
The endgame is dangerous for white, e5 pawn needs constant protection and if
he falls black's chances will be substantial.} 37. Rf3 $2 (37. h4 $1 Rb5 38.
Ref2 Re1+ 39. Kd3 Rb7 40. h5 $15) 37... Rg5 $1 38. Rg3 Rdxe5+ 39. Kf4 Ref5+ 40.
Ke4 Rxg3 41. hxg3 {Hecht: '[#] Schwacher weißer g-Bauer'} Kg6 42. g4 (42. Rh2
Kg5 43. Rh7 a4 $19) (42. Rc2 {Hecht} Kg5 43. Rc8 Kg4 44. Rg8+ Rg5 45. Rf8 f5+
46. Ke5 f4+ $19) 42... Rf1 43. Kd3 (43. Rh2 f6 44. Rh8 e5 45. Kd5 Rf4 46. Ke6
Rxg4 47. Rg8+ Kh5 48. Ra8 Kg5 49. Rxa5 Rb4 $19) 43... Rf4 44. Re5 a4 $1 {
Kharitonov hopes to win in a pure way. After the exchange of the queenside
pawns he only needs to win the poor one on the g file.} (44... Rxg4 45. Rxa5 f5
$17) 45. g5 Rf5 46. Re4 Ra5 47. Rf4 a3 48. bxa3 (48. b4 a2 49. bxa5 a1=Q $19)
48... Rxa3+ (48... Rxa3+ 49. Ke2 Rg3 50. Rf6+ Kg7 $19) 0-1